DESMONTANDO LA HISTORIA (Registro nro. 48896)
[ vista simple ]
| 000 -LEADER | |
|---|---|
| fixed length control field | 01061nam a2200217 a 4500 |
| 001 - CONTROL NUMBER | |
| control field | 48896 |
| 005 - DATE AND TIME OF LATEST TRANSACTION | |
| control field | 20180714033352.0 |
| 008 - FIXED-LENGTH DATA ELEMENTS--GENERAL INFORMATION | |
| fixed length control field | 140415s2004 sp 000 0 spa d |
| 020 ## - INTERNATIONAL STANDARD BOOK NUMBER | |
| International Standard Book Number | 8493384917 |
| 041 ## - LANGUAGE CODE | |
| Language code of text/sound track or separate title | spa |
| 082 ## - DEWEY DECIMAL CLASSIFICATION NUMBER | |
| Classification number | 909.08 |
| Item number | RAY |
| 100 1# - MAIN ENTRY--PERSONAL NAME | |
| Personal name | RAYNER, ED |
| 245 10 - TITLE STATEMENT | |
| Title | DESMONTANDO LA HISTORIA |
| 250 ## - EDITION STATEMENT | |
| Edition statement | 1a ed. |
| 260 ## - PUBLICATION, DISTRIBUTION, ETC. | |
| Place of publication, distribution, etc. | ESPAÑA : |
| Name of publisher, distributor, etc. | EDICIONES ROBINBOOK, S. L., |
| Date of publication, distribution, etc. | 2004 |
| 300 ## - PHYSICAL DESCRIPTION | |
| Extent | 200 |
| Dimensions | 24 x 17.5 x 2 |
| 520 ## - SUMMARY, ETC. | |
| Summary, etc. | NI SIQUIERA EN LOS VARIOS PROCESOS DE DESCLASIFICACION DE INFORMACION RESERVADA ACONTECIDOS A LO LARGO DE LOS SIGLOS SE HAN PRODUCIDO TANTO Y TAN SORPRENDENTES DESCUBRIMIENTOS ACERCA DE LA VERDAD COMO EN ESTE LIBRO. CON GRAN RIGOR Y SAGACIDAD, LOS AUTORES TRAEN A LA ACTUALIDAD O, SIMPLEMENTE, RESCATAN CINETOS DE HECHOS QUE QUEDARON IMPRESIONADOS EN LOS PAPELES DE LA HISTORIA CON, TAL VEZ, MAS LIRISMO QUE FIDELIDAD Y MAS DESEOS DE GLORIA QUE DE HONOR A LA VERDAD |
| 650 14 - SUBJECT ADDED ENTRY--TOPICAL TERM | |
| Topical term or geographic name entry element | HISTORIA UNIVERSAL MODERNA |
| General subdivision | HISTORIA CONTEMPORANEA |
| 700 1# - ADDED ENTRY--PERSONAL NAME | |
| Personal name | BRAVO, JOSE ANTONIO |
| Relator term | tr. |
| 740 ## - ADDED ENTRY--UNCONTROLLED RELATED/ANALYTICAL TITLE | |
| Uncontrolled related/analytical title | DEBUNKING HISTORY |
| Withdrawn status | Lost status | Source of classification or shelving scheme | Damaged status | Not for loan | Collection code | Home library | Current library | Shelving location | Date acquired | Source of acquisition | Inventory number | Total Checkouts | Full call number | Barcode | Date last seen | Price effective from | Koha item type |
|---|---|---|---|---|---|---|---|---|---|---|---|---|---|---|---|---|---|
| Dewey Decimal Classification | General | Biblioteca Karol Wojtyla | Biblioteca Karol Wojtyla | Sala general | 03/12/2013 | Compra | 151000000000000000010120 | 909.08 RAY | 73001 | 05/01/2026 | 03/12/2013 | Libro |